[Event "SVK-chT2B 2122"]
[Site "Slovakia"]
[Date "2022.05.01"]
[Round "11.7"]
[White "Nemet, Martin"]
[Black "Kurtulik, Andrej"]
[Result "0-1"]
[WhiteElo "1252"]
[BlackElo "1817"]
[PlyCount "60"]
[EventDate "2021.10.16"]
[EventType "team-tourn"]
[EventRounds "11"]
[EventCountry "SVK"]
[SourceTitle "EXT 2023"]
[Source "ChessBase"]
[SourceDate "2022.10.05"]
[SourceVersion "1"]
[SourceVersionDate "2022.10.05"]
[SourceQuality "1"]
[WhiteTeam "Levice II"]
[BlackTeam "Prievidza"]
[WhiteTeamCountry "SVK"]
[BlackTeamCountry "SVK"]

1. d4 d5 2. Nc3 Nf6 3. f3 c5 4. e4 cxd4 5. Bb5+ Bd7 6. Bxd7+ Qxd7 7. Qxd4 Nc6 8. Qe3 d4 9. Qd2 dxc3 10. Qxc3 e5 11. a3 Rc8 12. Be3 Nd4 13. Qxc8+ Qxc8 14. Bxd4 exd4 15. Nh3 Qc4 16. Nf2 Bd6 17. Rc1 Bf4 18. b3 Qc3+ 19. Kf1 Bxc1 20. g3 Qxc2 21. Kg2 Be3 22. Rf1 0-0 23. b4 Rd8 24. b5 d3 25. Kh3 Bxf2 26. e5 Nd5 27. a4 Ne3 28. Ra1 d2 29. e6 Qg6 30. exf7+ Kxf7 0-1